000 00673nam a2200193 a 4500
001 000025930
005 20240412074252.0
008 110224s19uu dr a 000 p spa d
040 _aDO-SdBNP
_bspa
_cBNPHU
082 _aRD861.5
_bC957m
100 1 _aCruz García, Angeolina,
_d1989-
_910844
245 1 0 _aMi primera ilusión :
_bpoemas de amor y desamor /
_cAngeolina Cruz García.
260 _aSan Francisco de Macorís, República Dominicana :
_bRaffy,
_c[19--?].
300 _a46 p. :
_bil. ;
_c21 cm.
500 _aIncluye datos biográficos del autor en la contraportada
650 0 _aPoesía dominicana
_966
650 0 _aLiteratura dominicana.
_967
049 _aBNPD
999 _c25422
_d25422